| 000 | 00790nam a2200265Ia 4500 | ||
|---|---|---|---|
| 003 | OSt | ||
| 005 | 20220918171018.0 | ||
| 006 | a|||||r|||| 00| 0 | ||
| 007 | ta | ||
| 008 | 220917b |||||||| |||| 00| 0 eng d | ||
| 020 |
_a9781137373366 (pbk) _cEURO 34.99 |
||
| 024 | _a325,841 | ||
| 037 |
_b231, 25/01/2018, Classic Book Service _cTextual |
||
| 040 |
_aARTS _cARTS _beng |
||
| 041 |
_2eng _aeng |
||
| 082 | _aV63.N9, Q7 | ||
| 100 |
_aButler Anthony Au. _933105 |
||
| 245 | 0 | _aContemporary South Africa | |
| 250 | _a3rd | ||
| 260 |
_aLondon _bPalgrave Macmillan UK _c2017 |
||
| 300 |
_aix,221p. _ccm. |
||
| 650 | _aSOUTH AFRICA - HISTORY | ||
| 942 |
_hV63.N9, Q7 _cTEXL _2CC |
||
| 999 |
_c137258 _d137258 |
||